South Eastern Kenya University

Library Online Public Access Catalogue


Basic principles and techniques in short-term dynamic psychotherapy / (Record no. 13868)

MARC details
000 -LEADER
fixed length control field 01020cam a2200265 i 4500
001 - CONTROL NUMBER
control field 359521
003 - CONTROL NUMBER IDENTIFIER
control field OSt
005 - DATE AND TIME OF LATEST TRANSACTION
control field 20160512110115.0
008 - FIXED-LENGTH DATA ELEMENTS--GENERAL INFORMATION
fixed length control field 770613s1978 nyu 101 0 eng
010 ## - LIBRARY OF CONGRESS CONTROL NUMBER
LC control number 77023048
020 ## - INTERNATIONAL STANDARD BOOK NUMBER
International Standard Book Number 0893350338
040 ## - CATALOGING SOURCE
Original cataloging agency SEKU
050 00 - LIBRARY OF CONGRESS CALL NUMBER
Classification number RC 480.55
Item number .B38
245 00 - TITLE STATEMENT
Title Basic principles and techniques in short-term dynamic psychotherapy /
Statement of responsibility, etc. edited by Habib Davanloo.
260 ## - PUBLICATION, DISTRIBUTION, ETC. (IMPRINT)
Place of publication, distribution, etc. New York :
Name of publisher, distributor, etc. Spectrum Publications,
Date of publication, distribution, etc. c1978.
300 ## - PHYSICAL DESCRIPTION
Extent 555 p. ;
Dimensions 24 cm.
500 ## - GENERAL NOTE
General note Based on the proceedings of the First and Second International Symposia on Short Term Dynamic Psychotherapy.
500 ## - GENERAL NOTE
General note Includes index.
650 #0 - SUBJECT ADDED ENTRY--TOPICAL TERM
Topical term or geographic name as entry element Brief psychotherapy
General subdivision Congresses.
650 #0 - SUBJECT ADDED ENTRY--TOPICAL TERM
Topical term or geographic name as entry element Psychoanalysis
General subdivision Congresses.
700 1# - ADDED ENTRY--PERSONAL NAME
Personal name Davanloo, Habib.
711 2# - ADDED ENTRY--MEETING NAME
Meeting name or jurisdiction name as entry element International Symposium on Short-Term Dynamic Psychotherapy
Number of part/section/meeting (1st :
Date of meeting 1975 :
Location of meeting Montréal, Québec)
711 2# - ADDED ENTRY--MEETING NAME
Meeting name or jurisdiction name as entry element International Symposium on Short-Term Dynamic Psychotherapy
Number of part/section/meeting (2nd :
Date of meeting 1976 :
Location of meeting Montréal, Québec)
942 ## - ADDED ENTRY ELEMENTS (KOHA)
Source of classification or shelving scheme Library of Congress Classification
Koha item type General circulation
Holdings
Withdrawn status Lost status Source of classification or shelving scheme Damaged status Not for loan Home library Current library Shelving location Date acquired Source of acquisition Total Checkouts Full call number Barcode Date last seen Price effective from Koha item type Public note
    Library of Congress Classification     Main Campus Library Main Campus Library General Stacks 12/05/2016 Donation-books for Africa   RC 480.55 .B38 2016/017879 12/05/2016 12/05/2016 General circulation A.K.
Kitui, Kenya.
+254736116989
library@seku.ac.ke